000 00304 a2200109 4500
020 _a818881816X
082 _a361.46 WAK
100 _aWaksman
245 _aThe Soil and the Microbe
_cWaksman
260 _aIndia :
_bNeeta Vyas for J. V. Publishing House
_c2006
300 _a288p. :
_bill ., pics., ;
_c22 cm
650 _aSoil -- Microbe
999 _c382
_d382